<?xml version="1.0" encoding="UTF-8"?><?xml-stylesheet type="text/xsl" href="static/style.xsl"?><OAI-PMH xmlns="http://www.openarchives.org/OAI/2.0/" xmlns:xsi="http://www.w3.org/2001/XMLSchema-instance" xsi:schemaLocation="http://www.openarchives.org/OAI/2.0/ http://www.openarchives.org/OAI/2.0/OAI-PMH.xsd"><responseDate>2026-04-13T05:59:31Z</responseDate><request verb="GetRecord" identifier="oai:www.recercat.cat:11351/11716" metadataPrefix="marc">https://recercat.cat/oai/request</request><GetRecord><record><header><identifier>oai:recercat.cat:11351/11716</identifier><datestamp>2025-10-24T10:20:32Z</datestamp><setSpec>com_2072_378070</setSpec><setSpec>com_2072_378040</setSpec><setSpec>col_2072_378092</setSpec></header><metadata><record xmlns="http://www.loc.gov/MARC21/slim" xmlns:dcterms="http://purl.org/dc/terms/" xmlns:xsi="http://www.w3.org/2001/XMLSchema-instance" xmlns:doc="http://www.lyncode.com/xoai" xsi:schemaLocation="http://www.loc.gov/MARC21/slim http://www.loc.gov/standards/marcxml/schema/MARC21slim.xsd">
   <leader>00925njm 22002777a 4500</leader>
   <datafield ind2=" " ind1=" " tag="042">
      <subfield code="a">dc</subfield>
   </datafield>
   <datafield ind2=" " ind1=" " tag="720">
      <subfield code="a">Esteban, Luis M.</subfield>
      <subfield code="e">author</subfield>
   </datafield>
   <datafield ind2=" " ind1=" " tag="720">
      <subfield code="a">Borque Fernando, Ángel</subfield>
      <subfield code="e">author</subfield>
   </datafield>
   <datafield ind2=" " ind1=" " tag="720">
      <subfield code="a">Picola Brau, Natalia</subfield>
      <subfield code="e">author</subfield>
   </datafield>
   <datafield ind2=" " ind1=" " tag="720">
      <subfield code="a">Muñoz-Rodriguez, Jesus</subfield>
      <subfield code="e">author</subfield>
   </datafield>
   <datafield ind2=" " ind1=" " tag="720">
      <subfield code="a">Paesano, Nahuel</subfield>
      <subfield code="e">author</subfield>
   </datafield>
   <datafield ind2=" " ind1=" " tag="720">
      <subfield code="a">Miro, Berta</subfield>
      <subfield code="e">author</subfield>
   </datafield>
   <datafield ind2=" " ind1=" " tag="720">
      <subfield code="a">Celma, Ana</subfield>
      <subfield code="e">author</subfield>
   </datafield>
   <datafield ind2=" " ind1=" " tag="720">
      <subfield code="a">Morote Robles, Juan</subfield>
      <subfield code="e">author</subfield>
   </datafield>
   <datafield ind2=" " ind1=" " tag="260">
      <subfield code="c">2024-07-16T12:21:35Z</subfield>
   </datafield>
   <datafield ind2=" " ind1=" " tag="260">
      <subfield code="c">2024-07-16T12:21:35Z</subfield>
   </datafield>
   <datafield ind2=" " ind1=" " tag="260">
      <subfield code="c">2024-07-10</subfield>
   </datafield>
   <datafield ind2=" " ind1=" " tag="520">
      <subfield code="a">5-alpha reductase inhibitor; Predictive model; Prostate cancer</subfield>
   </datafield>
   <datafield ind2=" " ind1=" " tag="520">
      <subfield code="a">Inhibidor de la 5-alfa reductasa; Modelo predictivo; Cáncer de próstata</subfield>
   </datafield>
   <datafield ind2=" " ind1=" " tag="520">
      <subfield code="a">Inhibidor de la 5-alfa reductasa; Model predictiu; Càncer de pròstata</subfield>
   </datafield>
   <datafield ind2=" " ind1=" " tag="520">
      <subfield code="a">Purpose&#xd;
To validate the Barcelona-magnetic resonance imaging predictive model (BCN-MRI PM) for clinically significant prostate cancer (csPCa) in Catalonia, a Spanish region with 7.9 million inhabitants. Additionally, the BCN-MRI PM is validated in men receiving 5-alpha reductase inhibitors (5-ARI).&#xd;
Materials and methods&#xd;
A population of 2,212 men with prostate-specific antigen serum level > 3.0 ng/ml and/or a suspicious digital rectal examination who underwent multiparametric MRI and targeted and/or systematic biopsies in the year 2022, at ten participant centers of the Catalonian csPCa early detection program, were selected. 120 individuals (5.7%) were identified as receiving 5-ARI treatment for longer than a year. The risk of csPCa was retrospectively assessed with the Barcelona-risk calculator 2 (BCN-RC 2). Men undergoing 5-ARI treatment for less than a year were excluded. CsPCa was defined when the grade group was ≥ 2.&#xd;
Results&#xd;
The area under the curve of the BCN-MRI PM in 5-ARI naïve men was 0.824 (95% CI 0.783–0.842) and 0.849 (0.806–0.916) in those receiving 5-ARI treatment, p 0.475. Specificities at 100, 97.5, and 95% sensitivity thresholds were to 2.7, 29.3, and 39% in 5-ARI naïve men, while 43.5, 46.4, and 47.8%, respectively in 5-ARI users. The application of BCN-MRI PM would result in a reduction of 23.8% of prostate biopsies missing 5% of csPCa in 5-ARI naïve men, while reducing 25% of prostate biopsies without missing csPCa in 5-ARI users.&#xd;
Conclusions&#xd;
The BCN-MRI PM has achieved successful validation in Catalonia and, notably, for the first time, in men undergoing 5-ARI treatment.</subfield>
   </datafield>
   <datafield ind2=" " ind1=" " tag="520">
      <subfield code="a">This research was supported by the Instituto de Salut Carlos III (SP) and the European Union (PI20/01666).  Open Access Funding provided by Universitat Autonoma de Barcelona.</subfield>
   </datafield>
   <datafield ind1="8" ind2=" " tag="024">
      <subfield code="a">http://hdl.handle.net/11351/11716</subfield>
   </datafield>
   <datafield tag="653" ind2=" " ind1=" ">
      <subfield code="a">Pròstata - Càncer - Imatgeria</subfield>
   </datafield>
   <datafield tag="653" ind2=" " ind1=" ">
      <subfield code="a">Pròstata - Càncer - Tractament</subfield>
   </datafield>
   <datafield tag="653" ind2=" " ind1=" ">
      <subfield code="a">Inhibidors enzimàtics - Ús terapèutic</subfield>
   </datafield>
   <datafield tag="653" ind2=" " ind1=" ">
      <subfield code="a">CHEMICALS AND DRUGS::Chemical Actions and Uses::Pharmacologic Actions::Molecular Mechanisms of Pharmacological Action::Enzyme Inhibitors::Steroid Synthesis Inhibitors::5-alpha Reductase Inhibitors</subfield>
   </datafield>
   <datafield tag="653" ind2=" " ind1=" ">
      <subfield code="a">DISEASES::Neoplasms::Neoplasms by Site::Urogenital Neoplasms::Genital Neoplasms, Male::Prostatic Neoplasms</subfield>
   </datafield>
   <datafield tag="653" ind2=" " ind1=" ">
      <subfield code="a">Other subheadings::Other subheadings::Other subheadings::/diagnostic imaging</subfield>
   </datafield>
   <datafield tag="653" ind2=" " ind1=" ">
      <subfield code="a">ANALYTICAL, DIAGNOSTIC AND THERAPEUTIC TECHNIQUES, AND EQUIPMENT::Diagnosis::Diagnostic Techniques and Procedures::Diagnostic Imaging::Tomography::Magnetic Resonance Imaging</subfield>
   </datafield>
   <datafield tag="653" ind2=" " ind1=" ">
      <subfield code="a">COMPUESTOS QUÍMICOS Y DROGAS::acciones y usos químicos::acciones farmacológicas::mecanismos moleculares de acción farmacológica::inhibidores enzimáticos::inhibidores de la síntesis esteroidea::inhibidores de la 5-alfa reductasa</subfield>
   </datafield>
   <datafield tag="653" ind2=" " ind1=" ">
      <subfield code="a">ENFERMEDADES::neoplasias::neoplasias por localización::neoplasias urogenitales::neoplasias de los genitales masculinos::neoplasias de la próstata</subfield>
   </datafield>
   <datafield tag="653" ind2=" " ind1=" ">
      <subfield code="a">Otros calificadores::Otros calificadores::Otros calificadores::/diagnóstico por imagen</subfield>
   </datafield>
   <datafield tag="653" ind2=" " ind1=" ">
      <subfield code="a">TÉCNICAS Y EQUIPOS ANALÍTICOS, DIAGNÓSTICOS Y TERAPÉUTICOS::diagnóstico::técnicas y procedimientos diagnósticos::diagnóstico por imagen::tomografía::imagen por resonancia magnética</subfield>
   </datafield>
   <datafield ind2="0" ind1="0" tag="245">
      <subfield code="a">External validation of the barcelona magnetic resonance imaging predictive model for detecting significant prostate cancer including men receiving 5-alpha reductase inhibitors</subfield>
   </datafield>
</record></metadata></record></GetRecord></OAI-PMH>